Statistics for Wrestlers in both WWE and TNA

Click here to take the quiz!

General Stats

  • This quiz has been taken 330 times
  • The average score is 19 of 50

Answer Stats

HintAnswer% Correct
2004+Jeff Hardy
83%
2002-2013Aj Styles
81%
2006-2015Kurt Angle
81%
2011=Matt Hardy
80%
2003-2014Sting
72%
2009-2013Hulk Hogan
71%
2005-2008Christian
69%
2004-2011Kevin Nash
65%
2005-2015Samoa Joe
61%
2005-2015D-Von Dudley
59%
2005-2015Bubba Ray Dudley
56%
2002-2014Jeff Jarrett
55%
2010-2012Ric Flair
55%
2014+Bobby Lashley
54%
2007-2009Booker T
54%
2002-2010Razor Ramon
52%
2004-2016Bobby Roode
50%
2010-2013RVD
49%
2004CM Punk
48%
2008-2012Mick Foley
44%
2002-2007R-Truth
41%
2010-2016Mr Kennedy
40%
2006-2010Scott Steiner
39%
2005-2010Rhyno
36%
2002-2006X- Pac
36%
2015-2016Drew McIntyre
33%
2003-2010Raven
33%
2002-2009Road Dogg
32%
2010-2011Tommy Dreamer
31%
2005-2009Billy Gunn
30%
2015-2015MVP
25%
2002-2006Sabu
24%
2007-2015Matt Morgan
22%
2004-2005Diamond Dallas Page
21%
2004-2005Goldust
19%
2011-2013Luke Gallows
19%
2009-2015Taz
19%
2007-2009Test
18%
2002-2004Ken Shamrock
17%
2007-2010Xavier Woods
17%
2012-2013Chavo Guerrero
16%
2007Rikishi
16%
2009-2013Elijah Burke
15%
2004-2005Evan Bourne
11%
2010-2011Orlando Jordan
11%
2008+Al Snow
9%
2016+Damien Sandow
9%
2010Val Venis
9%
2009-2016Brodus Clay
8%
2002-2003Curt Hennig
8%

Score Distribution

Percentile by Number Answered

Percent of People with Each Score

Your Score History

You have not taken this quiz